Visual Thinking. For Information Design.

Salvato in:
Dettagli Bibliografici
Autore principale: Ware, Colin (Autore)
Natura: Sconosciuto
Lingua:inglese
Pubblicazione: Cambridge, United States: Elsevier, 2022.
Edizione:Second Edition.
Soggetti:
Tags: Aggiungi Tag
Nessun Tag, puoi essere il primo ad aggiungerne!!

MARC

LEADER 00000 a2200000 4500
003 CL-VaPUC
005 20230526105534.0
008 230523t2022 ||||| |||| 00| 0 eng d
999 |c 440734  |d 440732 
020 |a 978-012-823567-6 
040 |c Pontificia Universidad Católica de Valparaíso 
082 |2 22  |a 152.14 WAR 2022 
100 |a Ware, Colin   |9 881955  |e author 
245 |a Visual Thinking.  |b For Information Design.  
250 |a Second Edition.  
260 |a Cambridge, United States:   |b Elsevier,   |c 2022. 
300 |a xi, 212 páginas. 
583 |k GC  |c 20230523 
650 0 |9 267039  |a Percepción visual  |x Cognición y atención  |v Análisis   |x Diseño de la informarción 
650 0 |9 270347  |a Cognición   |x Herramientas  |x Procesos mentales   |x Diseño  
942 |2 ddc  |c BK 
952 |0 0  |1 0  |2 ddc  |4 0  |6 152_140000000000000_WAR_2022  |7 0  |8 A  |9 590077  |a BIBCUR  |b BIBCUR  |c GEN  |d 2023-05-18  |e 1  |g 77825.42  |i 5657442  |o 152.14 WAR 2022  |p 5657442  |r 2025-04-22  |t 1  |v 77825.42  |w 2023-05-18  |y BK  |k PER